Tủ lạnh, máy kem, máy đá, máy điều hòa nhiệt độ

Guardado en:
Detalles Bibliográficos
Autor principal: Nguyễn Đức Lợi
Formato: Libro
Lenguaje:Undetermined
Publicado: Hà Nội KHKT 1997
Materias:
Etiquetas: Agregar Etiqueta
Sin Etiquetas, Sea el primero en etiquetar este registro!
Thư viện lưu trữ: Trung tâm Học liệu Trường Đại học Cần Thơ
LEADER 00631nam a2200193Ia 4500
001 CTU_37578
008 210402s9999 xx 000 0 und d
020 |b 23.000đ 
082 |a 621.57 
082 |b L462 
100 |a Nguyễn Đức Lợi 
245 0 |a Tủ lạnh, máy kem, máy đá, máy điều hòa nhiệt độ 
245 0 |c Nguyễn Đức Lợi 
260 |a Hà Nội 
260 |b KHKT 
260 |c 1997 
650 |a air conditioning,refrigeration and refrigerating machinery 
904 |i Nguyễn Quang Điền, 000804 
980 |a Trung tâm Học liệu Trường Đại học Cần Thơ